00380nam a22001457a 450000500170000001000130001702000260003003500130005603700090006908200140007824500540009226000400014630000250018670000230021120210622154042.0 aB-740267 a9788170821328c315.00 aB-740267 bGift a133.59445 aBhaargava naadikactranslated by K.T. Shubhakaran aNew DelhibSagar Publicationsc2012 avi, 411p.c22cm(pbk) aShubhakaran, K.T.